Производственно-экономический анализ деятельности АО "Булгарнефть"; Проблемы геологии и освоения недр; Т. 2

গ্রন্থ-পঞ্জীর বিবরন
Parent link:Проблемы геологии и освоения недр=Problems of Geology and Subsurface Development: труды XXIV Международного симпозиума имени академика М. А. Усова студентов и молодых учёных, посвященного 75-летию Победы в Великой Отечественной войне, Томск, 6-10 апреля 2020 г./ Национальный исследовательский Томский политехнический университет, Инженерная школа природных ресурсов ; гл. ред. А. С. Боев ; под ред. Е. Ю. Пасечник.— , 2020
Т. 2.— 2020.— [С. 581-582]
প্রধান লেখক: Архипов Д. В.
সংস্থা লেখক: Национальный исследовательский Томский политехнический университет Инженерная школа природных ресурсов Отделение нефтегазового дела
অন্যান্য লেখক: Баинов А. А. (научный руководитель), Глызина Т. С. Татьяна Святославовна, Шарф И. В. Ирина Валерьевна
সংক্ষিপ্ত:Заглавие с экрана
ভাষা:রুশ
প্রকাশিত: 2020
মালা:Экономика минерального и углеводородного сырья. Природоресурсное право
বিষয়গুলি:
অনলাইন ব্যবহার করুন:http://earchive.tpu.ru/handle/11683/62838
বিন্যাস: MixedMaterials বৈদ্যুতিক গ্রন্থের অধ্যায়
KOHA link:https://koha.lib.tpu.ru/cgi-bin/koha/opac-detail.pl?biblionumber=631700

MARC

LEADER 00000naa2a2200000 4500
001 631700
005 20240125164902.0
035 |a (RuTPU)RU\TPU\conf\33401 
035 |a RU\TPU\conf\33398 
090 |a 631700 
100 |a 20200915d2020 k y0rusy50 ca 
101 0 |a rus 
102 |a RU 
105 |a y z 100zy 
135 |a drcn ---uucaa 
181 0 |a i  
182 0 |a b 
200 1 |a Производственно-экономический анализ деятельности АО "Булгарнефть"  |f Д. В. Архипов, А. А. Баинов, Т. С. Глызина  |g науч. рук. И. В. Шарф 
203 |a Текст  |c электронный 
225 1 |a Экономика минерального и углеводородного сырья. Природоресурсное право 
300 |a Заглавие с экрана 
320 |a [Библиогр.: с. 582 (2 назв.)] 
461 1 |0 (RuTPU)RU\TPU\conf\32983  |t Проблемы геологии и освоения недр  |l Problems of Geology and Subsurface Development  |o труды XXIV Международного симпозиума имени академика М. А. Усова студентов и молодых учёных, посвященного 75-летию Победы в Великой Отечественной войне, Томск, 6-10 апреля 2020 г.  |o в 2 т.  |f Национальный исследовательский Томский политехнический университет, Инженерная школа природных ресурсов ; гл. ред. А. С. Боев ; под ред. Е. Ю. Пасечник  |d 2020 
463 1 |0 (RuTPU)RU\TPU\conf\32985  |t Т. 2  |v [С. 581-582]  |d 2020 
610 1 |a труды учёных ТПУ 
610 1 |a электронный ресурс 
610 1 |a производственный анализ 
610 1 |a экономический анализ 
610 1 |a добыча нефти 
610 1 |a нефтедобывающие предприятия 
610 1 |a прибыль предприятия 
610 1 |a годовая добыча 
700 1 |a Архипов  |b Д. В. 
701 1 |a Баинов  |b А. А. 
701 1 |a Глызина  |b Т. С.  |c химик-технолог  |c старший преподаватель Томского политехнического университета, кандидат химических наук  |f 1975-  |g Татьяна Святославовна  |3 (RuTPU)RU\TPU\pers\25610  |9 11539 
702 1 |a Шарф  |b И. В.  |c экономист  |c доцент Томского политехнического университета, кандидат экономических наук  |f 1969-  |g Ирина Валерьевна  |4 727 
712 0 2 |a Национальный исследовательский Томский политехнический университет  |b Инженерная школа природных ресурсов  |b Отделение нефтегазового дела  |3 (RuTPU)RU\TPU\col\23546 
801 2 |a RU  |b 63413507  |c 20200925  |g RCR 
856 4 |u http://earchive.tpu.ru/handle/11683/62838 
942 |c BK